Normal view
MARC view
- Wajeha Fareed
Entry Personal Name
001 - CONTROL NUMBER
- control field: 83990
003 - CONTROL NUMBER IDENTIFIER
- control field: NUST
005 - DATE AND TIME OF LATEST TRANSACTION
- control field: 20211112113812.0
008 - FIXED-LENGTH DATA ELEMENTS
- fixed length control field: 211112|| aca||aabn | a|a d
040 ## - CATALOGING SOURCE
- Original cataloging agency: NUST
- Transcribing agency: NUST
100 ## - HEADING--PERSONAL NAME
- Personal name: Wajeha Fareed
670 ## - SOURCE DATA FOUND
- Source citation: Work cat.: (NUST): Wajeha Fareed, TH-SOF-1923-CXR Image-Based Classification of COVID-19 using CNN Model, 2021.
